Detalles MARC
| 000 -LIDER |
| fixed length control field |
01747nam a2200421 a 4500 |
| 001 - NÚMERO DE CONTROL |
| Identificador de número de control |
000008718 |
| 003 - IDENTIFICACDOR DE NÚMERO DE CONTROL |
| control field |
DO-SdBNP |
| 005 - DATE AND TIME OF LATEST TRANSACTION |
| control field |
20170925123754.0 |
| 007 - CAMPOS FIJOS DE DESCRIPCIÓN FÍSICA |
| fixed length control field |
000008718 |
| 008 - ELEMENTOS DE LONGITUD FIJA |
| fixed length control field |
090918s1996 dr a 001 0 spa d |
| 040 ## - FUENTE DE CATALOGACIÓN |
| Agencia que crea de manera original el registro |
BPMSU |
| Idioma de catalogación |
spa |
| Agencia que realiza la transcripción |
BPMSU |
| 082 #4 - NÚMERO DE CLASIFICACIÓN DECIMAL DE DEWEY |
| Classification number |
RD860.9 |
| Item number |
D722s |
| 245 00 - MENCIÓN DE TITULO |
| Título |
Dos siglos de literatura dominicana : |
| Subtítulo |
(S. XIX - XX) / |
| Mención de responsabilidad |
Selección, prólogo y notas José Alcántara Almánzar, Manuel Rueda ; edición Arístides Incháustegu, Blanca Delgado Malagón. |
| 260 ## - PUBLICACIÓN, DISTRIBUCIÓN, ETC. (PIE DE IMPRENTA) |
| Lugar de publicación, distribución, etc |
Santo Domingo : |
| Nombre del editor, distribuidor, etc. |
Corripio, |
| Fecha de publicación, distribución, etc |
1996. |
| 300 ## - DESCRIPCIÓN FÍSICA |
| Extensión |
2v. |
| Otros detalles físicos |
il. ; |
| Dimensiones |
24 cm. |
| 490 1# - MENCIÓN DE SERIES |
| Mención de serie |
Sesquicentenario de la Independencia Nacional. |
| Volume/sequential designation |
10 |
| 500 ## - NOTA GENERAL |
| Nota general |
Incluye índice de ilustraciones |
| 500 ## - NOTA GENERAL |
| Nota general |
La biblioteca posee v.2 |
| 504 ## - NOTA DE BIBLIOGRAFÍA, ETC. |
| Bibliography, etc |
Incluye referencias bibliográficas y notas al pie de las páginas |
| 505 ## - NOTA DE CONTENIDO |
| Información miscelánea |
v. 1. |
| Título |
Poesía (Siglo XIX-XX) -- |
| Información miscelánea |
v. 2. |
| Título |
Prosa (Siglo XIX - XX). |
| 650 #4 - ENCABEZAMIENTO DE MATERIA--TEMÁTICO |
| Término temático o nombre geográfico como elemento de entrada |
LITERATURA DOMINICANA |
| Subdivisión temática general |
HISTORIA Y CRÍTICA |
| 650 #4 - ENCABEZAMIENTO DE MATERIA--TEMÁTICO |
| Término temático o nombre geográfico como elemento de entrada |
LITERATURA DOMINICANA |
| Subdivisión temática general |
COLECCIONES DE ESCRITOS |
| 650 #4 - ENCABEZAMIENTO DE MATERIA--TEMÁTICO |
| Término temático o nombre geográfico como elemento de entrada |
REPÚBLICA DOMINICANA |
| Subdivisión temática general |
ANTOLOGÍAS LITERARIAS |
| 650 #4 - ENCABEZAMIENTO DE MATERIA--TEMÁTICO |
| Término temático o nombre geográfico como elemento de entrada |
AUTORES DOMINICANOS |
| Subdivisión temática general |
COLECCIONES DE ESCRITOS |
| 650 #4 - ENCABEZAMIENTO DE MATERIA--TEMÁTICO |
| Término temático o nombre geográfico como elemento de entrada |
LITERATURA DOMINICANA |
| Subdivisión cronológica |
SIGLO XlX |
| 650 #4 - ENCABEZAMIENTO DE MATERIA--TEMÁTICO |
| Término temático o nombre geográfico como elemento de entrada |
LITERATURA DOMINICANA |
| Subdivisión cronológica |
SIGLO XX |
| 700 1# - ASIENTO SECUNDARIO -- NOMBRE PERSONAL |
| Nombre personal |
Alcántara Almánzar, José, |
| Mención de responsabilidad |
sel. |
| 700 1# - ASIENTO SECUNDARIO -- NOMBRE PERSONAL |
| Nombre personal |
Incháustegui, Arístides, |
| Mención de responsabilidad |
ed. |
| 700 1# - ASIENTO SECUNDARIO -- NOMBRE PERSONAL |
| Nombre personal |
Delgado Malagón, Blanca, |
| Mención de responsabilidad |
ed. |
| 830 #0 - ASIENTO SECUNDARIO DE SERIE--TÍTULO UNIFORME |
| Título uniforme |
Sesquicentenario de la Independencia Nacional. |
| Número de la parte o sección de una obra |
10 |
| 910 ## - VALIDACIÓN |
| Validación |
Validado. Control de calidad BNPHU |
| 942 ## - ADDED ENTRY ELEMENTS (KOHA) |
| Source of classification or shelving scheme |
Dewey Decimal Classification |
| Koha item type |
Libros |
| 945 ## - INFORMACIÓN DE PROCESAMIENTO LOCAL |
| Información de procesamiento local |
Inventariado, 2017/MFF |
| 956 ## - LOCAL ELECTRONIC LOCATION AND ACCESS (OCLC) |
| Nombre de host |
NMORDAN |
| Número de acceso |
10 |
| Información de compresión |
20090923 |
| Inicio de sesión |
BND01 |
| Procesador de solicitud |
0823 |
| 956 ## - LOCAL ELECTRONIC LOCATION AND ACCESS (OCLC) |
| Nombre de host |
BTAVAREZ |
| Número de acceso |
10 |
| Información de compresión |
20090925 |
| Inicio de sesión |
BND01 |
| Procesador de solicitud |
0817 |
| 956 ## - LOCAL ELECTRONIC LOCATION AND ACCESS (OCLC) |
| Nombre de host |
MMOLINA |
| Número de acceso |
40 |
| Información de compresión |
20111014 |
| Inicio de sesión |
BND01 |
| Procesador de solicitud |
1102 |
| 956 ## - LOCAL ELECTRONIC LOCATION AND ACCESS (OCLC) |
| Nombre de host |
VMATEO |
| Número de acceso |
10 |
| Información de compresión |
20150810 |
| Inicio de sesión |
BPMSU |
| Procesador de solicitud |
00151 |